Central Library OPAC University of Rajshahi

The ardent pilgrim : (Record no. 64129)

MARC details
000 -LEADER
fixed length control field 00760nam a2200229 a 4500
001 - CONTROL NUMBER
control field 64129
003 - CONTROL NUMBER IDENTIFIER
rucl marc code BD-RjUL
005 - DATE AND TIME OF LATEST TRANSACTION
control field 20211209081256.0
008 - FIXED-LENGTH DATA ELEMENTS--GENERAL INFORMATION
fixed length control field 170209s1951 ii b 000 0beng d
035 ## - SYSTEM CONTROL NUMBER
System control number (BD-RjUL) 64259
040 ## - CATALOGING SOURCE
Original cataloging agency BD-RjUL
Transcribing agency BD-RjUL
Language of cataloging eng
041 ## - LANGUAGE CODE
Language code of text/sound track or separate title eng
082 00 - DEWEY DECIMAL CLASSIFICATION NUMBER
Classification number 891.43915
Edition number 23
Author mark and year SIA 1951.
100 1# - MAIN ENTRY--PERSONAL NAME
Personal name Singh, Iqbal,
Dates associated with a name 1912-2001.
9 (RLIN) 190474
245 14 - TITLE STATEMENT
Title The ardent pilgrim :
Remainder of title an introduction to the life and work of Mohammed Iqbal /
Statement of responsibility, etc. Iqbal Singh.
260 ## - PUBLICATION, DISTRIBUTION, ETC. (IMPRINT)
Place of publication, distribution, etc. Delhi ;
-- New York :
Name of publisher, distributor, etc. Orient Longmans Ltd.,
Date of publication, distribution, etc. 1951.
300 ## - PHYSICAL DESCRIPTION
Pagination vi, 246 p. ;
Size 22 cm.
504 ## - BIBLIOGRAPHY, ETC. NOTE
Bibliography, etc Includes bibliographical references .
600 10 - SUBJECT ADDED ENTRY--PERSONAL NAME
Personal name Iqbal, Muhammad,
Titles and other words associated with a name Sir,
Dates associated with a name 1877-1938.
650 #0 - SUBJECT ADDED ENTRY--TOPICAL TERM
Topical term or geographic name as entry element Poets, Urdu
Geographic subdivision India
General subdivision Biography.
9 (RLIN) 190475
942 ## - ADDED ENTRY ELEMENTS (KOHA)
Source of classification or shelving scheme Dewey Decimal Classification
Koha item type Books
Holdings
Lost status Source of classification or shelving scheme Damaged status Not for loan Collection code Permanent Location Current Location Shelving location Date acquired Source of acquisition Cost, normal purchase price Total Checkouts Full call number Date last seen Copy number Koha item type
  Dewey Decimal Classification   Not For Loan Fiction Central Library, University of Rajshahi Central Library, University of Rajshahi Reading Room 15/02/1955 Warsi Book, Dacca. 5.70   891.43915 SIA 1951. 09/02/2017 C-1 Books